<?xml version="1.0" encoding="UTF-8"?><?xml-stylesheet type="text/xsl" href="static/style.xsl"?><OAI-PMH xmlns="http://www.openarchives.org/OAI/2.0/" xmlns:xsi="http://www.w3.org/2001/XMLSchema-instance" xsi:schemaLocation="http://www.openarchives.org/OAI/2.0/ http://www.openarchives.org/OAI/2.0/OAI-PMH.xsd"><responseDate>2026-04-17T21:20:16Z</responseDate><request verb="GetRecord" identifier="oai:www.recercat.cat:2117/444137" metadataPrefix="marc">https://recercat.cat/oai/request</request><GetRecord><record><header><identifier>oai:recercat.cat:2117/444137</identifier><datestamp>2025-10-23T06:34:54Z</datestamp><setSpec>com_2072_1033</setSpec><setSpec>col_2072_452951</setSpec></header><metadata><record xmlns="http://www.loc.gov/MARC21/slim" xmlns:dcterms="http://purl.org/dc/terms/" xmlns:xsi="http://www.w3.org/2001/XMLSchema-instance" xmlns:doc="http://www.lyncode.com/xoai" xsi:schemaLocation="http://www.loc.gov/MARC21/slim http://www.loc.gov/standards/marcxml/schema/MARC21slim.xsd">
   <leader>00925njm 22002777a 4500</leader>
   <datafield ind2=" " ind1=" " tag="042">
      <subfield code="a">dc</subfield>
   </datafield>
   <datafield ind2=" " ind1=" " tag="720">
      <subfield code="a">Torrente Martí, Albert</subfield>
      <subfield code="e">author</subfield>
   </datafield>
   <datafield ind2=" " ind1=" " tag="260">
      <subfield code="c">2025-07-15</subfield>
   </datafield>
   <datafield ind2=" " ind1=" " tag="520">
      <subfield code="a">This thesis investigates the design, implementation, and comparative evaluation of advanced predictive control techniques for the trajectory tracking on the AutoNOMOS-Model-v3.1 autonomous vehicle in the GNC project framework. Its primary aim is to enhance path-following accuracy and robustness by integrating a nonlinear Model Predictive Control (NMPC) algorithm and a Linear Quadratic Regulator (LQR) within a ROS-based framework, which the GNC project is based on. The first chapter focuses on explaining the theoretical background needed for the project. This includes a brief review of MPC and LQR, including the deduction of LQR’s implicit solutions, the description of the kinematic, including its linearization, and the dynamic model used to describe a vehicle’s motion, along with a brief description of splines, focusing particularly on those types that are commonly used for path planning. The second chapter explains the necessary ROS concepts needed to understand the rest of the thesis along with a brief description of the ROS and code structure of the GNC project. Next, there is a detailed explanation of the software developed during the project. This includes the development of the two controllers, simulation environment, and data storage, along with the modifications made in the path determination algorithm. Simulation results are very promising for the MPC controller developed, although the LQR and MPC results in the autonomous car show that more work needs to be done to mitigate sensor inaccuracies and odometry drift, which degrade the performance. Overall, the study achieves its initial objectives and provides a guide and foundation for further development.</subfield>
   </datafield>
   <datafield ind1="8" ind2=" " tag="024">
      <subfield code="a">http://hdl.handle.net/2117/444137</subfield>
   </datafield>
   <datafield tag="653" ind2=" " ind1=" ">
      <subfield code="a">Àrees temàtiques de la UPC::Informàtica::Automàtica i control</subfield>
   </datafield>
   <datafield tag="653" ind2=" " ind1=" ">
      <subfield code="a">Predictive control</subfield>
   </datafield>
   <datafield tag="653" ind2=" " ind1=" ">
      <subfield code="a">Automated vehicles</subfield>
   </datafield>
   <datafield tag="653" ind2=" " ind1=" ">
      <subfield code="a">Control predictiu</subfield>
   </datafield>
   <datafield tag="653" ind2=" " ind1=" ">
      <subfield code="a">Vehicles autònoms</subfield>
   </datafield>
   <datafield ind2="0" ind1="0" tag="245">
      <subfield code="a">Study of predictive control for trajectory following in an autonomous vehicle</subfield>
   </datafield>
</record></metadata></record></GetRecord></OAI-PMH>